Wyoming Cities A-Z - Statistics

General Stats
  • This quiz has been taken 49 times
    36 since last reset
  • The average score is 6 of 7
Answer Stats
Population Municipality or CDP % Correct
C 65,132 Cheyenne
100%
L 31,407 Laramie
94%
J 10,760 Jackson
84%
G 33,403 Gillette
77%
R 23,526 Rock Springs
77%
S 18,737 Sheridan
74%
E 11,747 Evanston
71%
No matching quizzes found
Score Distribution
Percent of People with Each Score
Percentile by Number Answered
Your Score History
You have not taken this quiz since the last reset